| 000 | 01026nam a22003137i 4500 | ||
|---|---|---|---|
| 003 | EG-GICUC | ||
| 005 | 20260211153116.0 | ||
| 008 | 260211s1905 us ||||fr|||| 000 0 eng d | ||
| 040 |
_aEG-GiCUC _beng _cEG-GiCUC _dEG-GiCUC _eRda |
||
| 082 | 0 | 4 |
_221 _a341.78 _bME . I |
| 092 | 0 | 4 | _221 |
| 099 | _aLaw1 11 341.78 ME . I 1905 | ||
| 100 | 1 |
_aMeili, F _eAuthor. |
|
| 245 | 1 | 0 |
_aInternational Civil and Commercial Law : _bAs Founded Upon Theory, Legislation, and Practice / _cF. Meili ; Arthur K. Kuhn. _n |
| 264 | 1 |
_aNew York : _bThe Macmillan Company, _c1905. |
|
| 300 |
_a559page : _billustration ; _c 24 cm. |
||
| 336 |
_2rda contenu _a texte |
||
| 337 |
_2rda medias _aOrdinateur |
||
| 338 |
_2 transporteur rda _a Ressource en ligne |
||
| 500 | _a | ||
| 504 | _a | ||
| 546 | _aText in English | ||
| 650 | 1 | 4 |
_aPublic international law _2 |
| 651 | 1 | _2 | |
| 700 | 1 |
_aKuhn, Arthur K _eTranslator. |
|
| 856 | 4 | 0 | _uhttps://fll.law.cu.edu.eg/fulltext/bks/B11-07479.pdf |
| 905 | _a50 | ||
| 942 |
_2ddc _cBK _e21 _n0 |
||
| 999 |
_c62641 _d62641 |
||